Á lódáil...

Ugate Suraj Ka Darsak

Sonraí Bibleagrafaíochta
Príomhúdar: Ask Upendranath
Formáid: Printed Book
Teanga:English
Foilsithe: Allahabad Nilabh Prakasn 1967
Ábhair:
LEADER 00616nam a2200253 a 4500
001 adlib96000001
003 ViArRB
005 20151026132503.0
008 960221s1955 dcuabcdjdbkoqu001 0deng d
020
022
040 |a Adlib 
082 |a FH 
245 |a Ugate Suraj Ka Darsak 
250
260 |a Allahabad  |b Nilabh Prakasn  |c 1967 
300 |a 279 p. 
500 |a   
100 |a Ask Upendranath 
700
942 |c BK  |6 _ 
653 |a Ugate Suraj Ka Darsak 
999 |c 49770  |d 49770 
952 |0 0  |1 0  |4 0  |6 FH_ASKUG  |7 0  |9 62635  |a UL  |b UL  |d 2010-06-19  |o FH ASK/UG  |p H0000099  |r 2010-06-19  |w 2010-06-19  |y BK